|
|
|
|
| LEADER |
00000naa a2200000uu 4500 |
| 001 |
vtls010947453 |
| 003 |
SK-MaSNL |
| 005 |
20260302141410.0 |
| 008 |
210902|1999 xo |||||||||||||||||eng| |
| 015 |
|
|
|a SNBRA
|
| 035 |
|
|
|a (urnnbn)urn:nbn:sk:snk:ar-a0bgvl
|
| 035 |
|
|
|a (uuid)82acea60-da42-4f97-8f37-7b4132364f35
|
| 035 |
|
|
|a urn:nbn:sk:snk-aau8zl
|
| 040 |
|
|
|a SNKBUCL
|b slo
|c SNKBUCL
|e AACR2
|
| 041 |
0 |
|
|a eng
|
| 044 |
|
|
|a xo
|c SK
|
| 100 |
1 |
|
|a Savčenko, A. G.
|4 aut
|9 828727
|
| 245 |
1 |
0 |
|a FAST INSPECTION OF CRYSTALLINE AND MAGNETIC TEXTURE IN Nd2Fe14B MAGNETS
|c A. G. Savchenko, A. S. Lileev, V. P. Menushenkov, Yu. D. Yagodkin
|
| 700 |
1 |
|
|a Lileev, A. S.
|4 aut
|9 828732
|
| 700 |
1 |
|
|a Menushenkov, V. P.
|4 aut
|9 828733
|
| 700 |
1 |
|
|a Yagodkin, Yu. D.
|4 aut
|9 828734
|
| 773 |
0 |
|
|t Technológia '99
|d Bratislava : Slovenská technická univerzita, 1999, 1999
|g S. 130-134
|z 8022712558
|
| 958 |
|
|
|a OND
|
| 958 |
|
|
|a article11
|
| 958 |
|
|
|a chapter
|
| 999 |
|
|
|c 1335430
|d 1337360
|